000 00549nam a2200181 i 4500
001 141782
003 ES-MaACL
005 20230906200352.0
007 t|
008 070928s1973 sp ||||1| spa d
100 1 _aWagenheim, Kal.
_9115831
245 1 0 _aPerfil de Puerto Rico /
_cKal Wagenheim ; [traducción: Gonzalo Torrente Malvido].
250 _a[1ª ed.].
260 _a[Barcelona] :
_bDestino,
_c[1973]
300 _a308 p., 10 lám. ;
_c22 cm.
700 1 _aTorrente Malvido, Gonzalo.
_9110855
852 _aES-MaACL
_jC-54870
_bR.87623
999 _c141782
_d141782